000 01608nam a22004217a 4500
003 CHAP
005 20250515062730.0
008 090210s2008 mx r 00010 spa d
010 _a95807
011 _a96779
035 _a107436
040 _cCHAP
090 _aTesis
100 0 0 _aRamírez Moreno, Pedro Pablo.
_994162
245 1 0 _aAnálisis de los costos de los sistemas de producción de maíz en México
_c/por Pedro Pablo Ramírez Moreno
260 _aChapingo, Méx. :
_bEl autor,
_c2008
300 _axv, 150 h. :
_bcuadros, gráfs.
502 _aTesis (Ph.D. en Problemas Económico Agroindustriales) -- UACH. CIESTAAM
530 _aTambién disponible en línea
590 _aALEPH
_b10
_c20130110
_lUCH01
_h1526
590 _aBATCH-UPD
_b10
_c20130110
_lUCH01
_h1304
590 _aBATCH-UPD
_b10
_c20130410
_lUCH01
_h0821
590 _aBATCH-UPD
_b10
_c20130914
_lUCH01
_h1756
590 _aBATCH-UPD
_b10
_c20140324
_lUCH01
_h1510
590 _aBATCH-UPD
_b10
_c20141002
_lUCH01
_h0838
590 _aCONVERSION
_b10
_c20130109
_lUCH01
_h1353
650 1 4 _aAnalisis de costos y beneficio.
_95966
650 1 7 _aMaíz
_xCostos de producción
_2
_970915
650 1 4 _aMaíz
_xProducción.
_971041
650 1 4 _aMaíz
_xRendimiento.
_971051
650 1 4 _aMaíz
_zMéxico.
_971098
650 1 4 _aSistemas de producción.
_9106767
856 _3Finding aid
_uhttp://10.13.5.2/tesis/107436.pdf
_zTeclea aqui
901 _aBK
942 _cFOLL
949 _aTesis
_bBC
_cTES
_d33724002082884
_eTS2
_fc.2
_gDonaciØn
_h48816
_i107436
_sb
949 _aTesis
_bBC
_cTES
_d33724002082926
_eTS1
_gDonaciØn
_h48815
_i107436
_sb
999 _c95807
_d95807